You Need Me Now?- girl in red ft. Sabrina Carpenter - Statistics

General Stats
  • This quiz has been taken 47 times
  • The average score is 318 of 413
Answer Stats
Answer % Correct
I
100%
now
100%
now?
100%
you
100%
You
100%
you,
100%
(You
100%
a
97%
be
97%
do
97%
I'm
97%
it
97%
me
97%
need
97%
I've
93%
your
93%
all
90%
Don't
90%
in
90%
my
90%
so
90%
So
90%
things
90%
we
90%
by
86%
of
86%
you're
86%
You're
86%
(You're
86%
always
83%
before
83%
before,
83%
for
83%
(For
83%
is
83%
on
83%
Sabrina
83%
the
83%
The
83%
are
79%
Can
79%
got
79%
heard
79%
know
79%
know,
79%
like
79%
Like,
79%
like,
79%
never
79%
Never
79%
not
79%
Not
79%
Oh
79%
this
79%
this?
79%
what
79%
and
76%
And
76%
But
76%
did,
76%
if
76%
I'll
76%
love
76%
love,
76%
love)
76%
right
76%
tell
76%
think
76%
tired
76%
to
76%
want
76%
Yeah
76%
Yeah,
76%
yeah,
76%
back
72%
back)
72%
fucking
72%
get
72%
such
72%
that
72%
That,
72%
why?
72%
been
69%
feelings
69%
(Feelings
69%
gonna
69%
how
69%
myself
69%
sing
69%
time
69%
would
69%
would-,
69%
(You'll
69%
again,
66%
around
66%
babe
66%
'Cause
66%
could
66%
disease
66%
disease)
66%
Doin'
66%
done
66%
down
66%
down)
66%
Hawaii
66%
say
66%
somewhere
66%
talk
66%
waited
66%
wanted
66%
was
66%
Well,
66%
yours
66%
yours,
66%
beggin'
62%
being
62%
God
62%
God,
62%
it's
62%
let
62%
see,
62%
see
62%
waiting
62%
wanna
62%
won't
62%
baby
59%
cheap,
59%
cool
59%
games
59%
leave
59%
left
59%
left,
59%
Letting
59%
out
59%
playing
59%
really
59%
sick
59%
swinging
59%
were
59%
Acting
55%
bad
55%
brain?
55%
have
55%
pendulum
55%
pendulum,
55%
place
55%
setback)
55%
behave?
52%
convinced
52%
end
52%
everything
52%
fake
52%
fall
52%
first
52%
look
52%
made
52%
nothing
52%
recognize
52%
sympathy
52%
Those
52%
with
52%
crumbling
48%
face
48%
schemes
48%
tears
48%
elegant
45%
evident
45%
heartbreak
45%
Next
45%
secondary
45%
stumbling
45%
intelligence
41%
power
41%
Abused
38%
balance
38%
seriously,
38%
sinking
38%
sworn
38%
heaven-sent
34%
insignificant
34%
wrecked
34%
oh-oh)
14%
stripped
10%
No matching quizzes found
Score Distribution
Percent of People with Each Score
Percentile by Number Answered
Your Score History
You have not taken this quiz